Statistics for The Weeknd Songs

Click here to take the quiz!

General Stats

  • This quiz has been taken 416 times
  • The average score is 44 of 72

Answer Stats

House of Balloons % Correct
Starboy
94%
The Hills
82%
Can't Feel My Face
79%
I Feel It Coming
77%
Kiss Land
77%
Reminder
75%
Party Monster
75%
Often
74%
Thursday
74%
Echoes of Silence
72%
False Alarm
72%
Wicked Games
71%
Secrets
70%
High For This
70%
Die For You
69%
Sidewalks
68%
Stargirl Interlude
66%
Tell Your Friends
66%
D.D.
65%
In the Night
65%
Rockin
64%
Six Feet Under
64%
Angel
64%
Prisoner
64%
The Morning
63%
Losers
63%
Real Life
63%
House of Balloons/Glass Table Girls
63%
True Colors
62%
All I Know
62%
Twenty Eight
61%
The Zone
61%
Loft Music
61%
Acquainted
60%
Valerie
60%
Earned It
60%
The Birds Pt. 2
59%
The Birds Pt. 1
59%
Ordinary Life
58%
Dark Times
58%
Attention
58%
Montreal
57%
Professional
57%
The Knowing
57%
Shameless
56%
Rolling Stone
56%
Adaptation
56%
Love to Lay
56%
A Lonely Night
56%
Pretty
55%
XO/The Host
54%
Tears In the Rain
54%
Belong To the World
54%
What You Need
54%
Live For
54%
Nothing Without You
53%
Wanderlust
53%
Coming Down
53%
Next
53%
Love In the Sky
52%
The Town
52%
Initiation
51%
Heaven or Las Vegas
51%
Lonely Star
50%
The Party & the After Party
49%
As You Are
49%
The Fall
48%
Gone
47%
Life of the Party
46%
Same Old Song
46%
Outside
44%
Till Dawn
43%

Score Distribution

Percentile by Number Answered

Percent of People with Each Score

Your Score History

You have not taken this quiz